Country by Their Most Successful Eurovision Song - Statistics

General Stats
  • This quiz has been taken 66 times
  • The average score is 33 of 51
Answer Stats
Year # Artist Song Country % Correct
1969 1 Salomé Vivo cantando Spain
92%
2014 1 Conchita Wurst Rise Like a Phoenix Austria
83%
1977 1 Marie Myriam L'Oiseau et l'Enfant France
83%
2010 1 Lena Satellite Germany
79%
2024 1 Nemo The Code Switzerland
79%
1997 1 Katrina and the Waves Love Shine a Light United Kingdom
79%
1986 1 Sandra Kim J'aime la vie Belgium
77%
2006 1 Lordi Hard Rock Hallelujah Finland
77%
1996 1 Eimear Quinn The Voice Ireland
77%
2005 1 Helena Paparizou My Number One Greece
75%
2021 1 Måneskin Zitti e buoni Italy
75%
1980 18 Samira Bensaïd Bitakat Hob (بطاقة حب) Morocco
75%
2007 1 Marija Šerifović Molitva Serbia
75%
2022 1 Kalush Orchestra Stefania (Стефанія) Ukraine
75%
2011 1 Ell & Nikki Running Scared Azerbaijan
74%
1983 1 Corinne Hermès Si la vie est cadeau Luxembourg
74%
1971 1 Séverine Un banc, un arbre, une rue Monaco
74%
2017 1 Salvador Sobral Amar pelos dois Portugal
74%
2013 1 Emmelie de Forest Only Teardrops Denmark
72%
2018 1 Netta Toy Israel
72%
2023 1 Loreen Tattoo Sweden
72%
2016 2 Dami Im Sound of Silence Australia
70%
2019 1 Duncan Laurence Arcade Netherlands
70%
2003 1 Sertab Erener Everyway That I Can Turkey
70%
2024 2 Baby Lasagna Rim Tim Tagi Dim Croatia
66%
2018 2 Eleni Foureira Fuego Cyprus
66%
2001 1 Tanel Padar/Dave Benton/2XL Everybody Estonia
64%
1995 1 Secret Garden Nocturne Norway
64%
2017 3 SunStroke Project Hey Mamma Moldova
62%
2008 1 Dima Bilan Believe Russia
62%
2002 1 Marie N I Wanna Latvia
60%
2006 6 LT United We Are the Winners Lithuania
60%
2017 2 Kristian Kostov Beautiful Mess Bulgaria
58%
1989 1 Riva Rock Me Yugoslavia
57%
2006 3 Hari Mata Hari Lejla Bosnia and Herzegovina
55%
2018 6 Mikolas Josef Lie to Me Czech Republic
55%
2009 2 Yohanna Is It True? Iceland
55%
2019 7 Tamara Todevska Proud North Macedonia
55%
2012 5 Rona Nishliu Suus Albania
53%
2005 2 Chiara Angel Malta
53%
1994 2 Edyta Górniak To nie ja! Poland
53%
2014 4 Aram Mp3 Not Alone Armenia
51%
2019 19 Serhat Say Na Na Na San Marino
51%
2007 NQ Anonymous Salvem el món Andorra
49%
2010 3 Paula Seling and Ovi Playing with Fire Romania
47%
2007 6 Koldun Work Your Magic Belarus
45%
2015 13 Knez Adio (Адио) Montenegro
45%
1996 18 Marcel Palonder Kým nás máš Slovakia
43%
1994 4 Friderika Kinek mondjam el vétkeimet? Hungary
42%
2001 7 Nuša Derenda Energy Slovenia
42%
2011 9 Eldrine One More Day Georgia
40%
No matching quizzes found
Score Distribution
Percent of People with Each Score
Percentile by Number Answered
Your Score History
You have not taken this quiz